From the very big desk of... : business cartoons by the New Yorker cartoonist (Record no. 30230)

MARC details
000 -LEADER
fixed length control field 00444nam a2200169Ia 4500
020 ## - INTERNATIONAL STANDARD BOOK NUMBER
ISBN 0-8212-5793-5
050 ## - CALL MARK
Classification number HF 5718 .B375/
100 ## - STATEMENT OF RESPONSIBILITY--MAIN AUTHOR NAME
Personal name Barsotti, Charles
245 #0 - TITLE STATEMENT
Title From the very big desk of... : business cartoons by the New Yorker cartoonist
260 ## - PUBLICATION, DISTRIBUTION, ETC. (IMPRINT)
Place of publication New York
260 ## - PUBLICATION, DISTRIBUTION, ETC. (IMPRINT)
Name of publisher Bulfinch Press
260 ## - PUBLICATION, DISTRIBUTION, ETC. (IMPRINT)
Year of publication 2006
300 ## - PHYSICAL DESCRIPTION
Number of Pages 108 p
942 ## - ADDED ENTRY ELEMENTS (KOHA)
Koha item type Books
Holdings
Withdrawn status Lost status Source of classification or shelving scheme Damaged status Not for loan Permanent Location Current Location Date acquired Accession Number Price effective from Koha item type
    Library of Congress Classification     NILE UNIVERSITY OF NIGERIA - MAIN LIBRARY NILE UNIVERSITY OF NIGERIA - MAIN LIBRARY 04/23/2025 0003968 04/23/2025 Books